Central Library OPAC University of Rajshahi

Tarikhul Adab Qablal Islam / (Record no. 73929)

MARC details
000 -LEADER
fixed length control field 00588nam a22002177a 4500
001 - CONTROL NUMBER
control field 73929
003 - CONTROL NUMBER IDENTIFIER
rucl marc code BD-RjUL
005 - DATE AND TIME OF LATEST TRANSACTION
control field 20211209082449.0
008 - FIXED-LENGTH DATA ELEMENTS--GENERAL INFORMATION
fixed length control field 170821s1950 iq ||||| |||| 00| 0 arb d
035 ## - SYSTEM CONTROL NUMBER
System control number (BD-RjUL)
040 ## - CATALOGING SOURCE
Original cataloging agency BD-RjUL
Language of cataloging eng
Transcribing agency BD-RjUL
041 ## - LANGUAGE CODE
Language code of text/sound track or separate title arb
082 ## - DEWEY DECIMAL CLASSIFICATION NUMBER
Edition number 23
Classification number 953
Author mark and year ALT 1950
100 ## - MAIN ENTRY--PERSONAL NAME
Personal name Ali, Jawad
9 (RLIN) 219107
245 ## - TITLE STATEMENT
Title Tarikhul Adab Qablal Islam /
Statement of responsibility, etc. Jawad Ali
260 ## - PUBLICATION, DISTRIBUTION, ETC. (IMPRINT)
Place of publication, distribution, etc. Baghdad :
Name of publisher, distributor, etc. Mathbtut Tagis,
Date of publication, distribution, etc. 1950
300 ## - PHYSICAL DESCRIPTION
Pagination 430 p:
Illustrations ill.;
Size 28 cm.
650 ## - SUBJECT ADDED ENTRY--TOPICAL TERM
Topical term or geographic name as entry element Islamic countries
General subdivision History.
9 (RLIN) 219108
651 ## - SUBJECT ADDED ENTRY--GEOGRAPHIC NAME
Geographic name Arabs
General subdivision History
9 (RLIN) 182521
942 ## - ADDED ENTRY ELEMENTS (KOHA)
Source of classification or shelving scheme Dewey Decimal Classification
Koha item type Books
Holdings
Lost status Source of classification or shelving scheme Damaged status Not for loan Collection code Permanent Location Current Location Shelving location Date acquired Source of acquisition Coded location qualifier Total Checkouts Full call number Date last seen Date checked out Copy number Koha item type
  Dewey Decimal Classification     Non-fiction Central Library, University of Rajshahi Central Library, University of Rajshahi   10/09/1968 Zeitlinger 811.00 1 A 953 ALT 1950 10/09/2017 24/08/2017 C-2 Books